<?xml version="1.0" encoding="UTF-8"?>
<record
    xmlns:xsi="http://www.w3.org/2001/XMLSchema-instance"
    xsi:schemaLocation="http://www.loc.gov/MARC21/slim http://www.loc.gov/standards/marcxml/schema/MARC21slim.xsd"
    xmlns="http://www.loc.gov/MARC21/slim">

  <leader>02162nam a2200289 i 4500</leader>
  <controlfield tag="001">196255</controlfield>
  <controlfield tag="003">ES-MaACL</controlfield>
  <controlfield tag="005">20250710063403.0</controlfield>
  <controlfield tag="008">240823b2018    sp ||||| |||| 00| 0 spa d</controlfield>
  <datafield tag="020" ind1=" " ind2=" ">
    <subfield code="a">9786139836949</subfield>
  </datafield>
  <datafield tag="040" ind1=" " ind2=" ">
    <subfield code="a">ES-MaACL</subfield>
    <subfield code="b">spa</subfield>
    <subfield code="c">ES-MaACL</subfield>
  </datafield>
  <datafield tag="100" ind1=" " ind2=" ">
    <subfield code="9">237636</subfield>
    <subfield code="a">Bermejo Pareja, F&#xE9;lix</subfield>
    <subfield code="e">aut</subfield>
  </datafield>
  <datafield tag="245" ind1=" " ind2=" ">
    <subfield code="a">Alzheimer :</subfield>
    <subfield code="b">Prevention from Childhood / </subfield>
    <subfield code="c">F&#xE9;lix Bermejo-Pareja.</subfield>
  </datafield>
  <datafield tag="260" ind1=" " ind2=" ">
    <subfield code="a">Berlin ;</subfield>
    <subfield code="b">Lambert Academic Publishing ,</subfield>
    <subfield code="c">2018.</subfield>
  </datafield>
  <datafield tag="300" ind1=" " ind2=" ">
    <subfield code="a">255 p&#xE1;g. :</subfield>
    <subfield code="c">22 cm.</subfield>
  </datafield>
  <datafield tag="336" ind1=" " ind2=" ">
    <subfield code="2">rdacontent</subfield>
    <subfield code="a">texto</subfield>
  </datafield>
  <datafield tag="337" ind1=" " ind2=" ">
    <subfield code="2">rdamedia</subfield>
    <subfield code="a">sin mediaci&#xF3;n</subfield>
  </datafield>
  <datafield tag="338" ind1=" " ind2=" ">
    <subfield code="2">rdacarrier</subfield>
    <subfield code="a">volumen</subfield>
  </datafield>
  <datafield tag="520" ind1=" " ind2=" ">
    <subfield code="a">This book is an informative text on the prevention of Alzheimer&#x2019;s disease, a personal and social need in a sickness without nowadays cures. It states that this prevention is possible because Alzheimer's manifests itself in old age, but it starts in the brain many decades before. Alzheimer's prevention must start from foetal life and brain development (1,000 first days of life) and continue throughout life with an adequate life style that includes cognitive and social stimulation, physical exercise and healthy diet. The theoretical and practical explanations on this prevention are made in simple language, reviewed by the Spanish scientific journalist Sonia Moreno. The text contains more than 350 footnotes with scientific information about the discourse of the colloquial text. The monograph presents numerous tables and figures, made by the creatives, Jorge Gibert and Jes&#xFA;s Navarro. The monograph ends with a glossary of the main biomedical terms used, bibliography and thematic index. This book has been published in Spanish in 2017 and its translation into English has been verified by Joe Healey and Felix Bermejo-Pareja.</subfield>
  </datafield>
  <datafield tag="650" ind1=" " ind2="4">
    <subfield code="9">9747</subfield>
    <subfield code="a">Alzheimer, Enfermedad de</subfield>
  </datafield>
  <datafield tag="852" ind1=" " ind2=" ">
    <subfield code="a">ES-MaACL</subfield>
    <subfield code="b">R.152371</subfield>
    <subfield code="c">DEPOJ</subfield>
    <subfield code="j">N-9307</subfield>
    <subfield code="h">Donaci&#xF3;n: Editorial</subfield>
    <subfield code="x">Encuadernaci&#xF3;n r&#xFA;stica</subfield>
    <subfield code="9">205379</subfield>
  </datafield>
  <datafield tag="942" ind1=" " ind2=" ">
    <subfield code="c">MONOGRAFIA</subfield>
    <subfield code="n">0</subfield>
  </datafield>
  <datafield tag="999" ind1=" " ind2=" ">
    <subfield code="c">196255</subfield>
    <subfield code="d">196255</subfield>
  </datafield>
  <datafield tag="952" ind1=" " ind2=" ">
    <subfield code="0">0</subfield>
    <subfield code="1">0</subfield>
    <subfield code="2">udc</subfield>
    <subfield code="4">0</subfield>
    <subfield code="7">0</subfield>
    <subfield code="a">ATENEOM</subfield>
    <subfield code="b">ATENEOM</subfield>
    <subfield code="c">DEPOJ</subfield>
    <subfield code="d">2025-05-10</subfield>
    <subfield code="e">DONACION</subfield>
    <subfield code="l">0</subfield>
    <subfield code="o">N-9307</subfield>
    <subfield code="p">101230031</subfield>
    <subfield code="r">2025-05-10 00:00:00</subfield>
    <subfield code="w">2025-05-10</subfield>
    <subfield code="y">MONOGRAFIA</subfield>
  </datafield>
</record>
